Pokemon Weakness Quiz - Statistics

General Stats
  • This quiz has been taken 21 times
  • The average score is 33 of 49
Answer Stats
Type Weakness % Correct
Normal Fighting
100%
Fire Water
100%
Grass Fire
94%
Water Grass
94%
Water Electric
88%
Fire Ground
88%
Ice Fire
82%
Grass Ice
82%
Fire Rock
82%
Flying Electric
76%
Grass Poison
76%
Psychic Bug
71%
Bug Fire
71%
Fighting Flying
71%
Electric Ground
71%
Dragon Ice
71%
Rock Water
71%
Dark Bug
65%
Ghost Dark
65%
Dragon Dragon
65%
Fighting Fairy
65%
Steel Fire
65%
Bug Flying
65%
Ghost Ghost
65%
Ground Grass
65%
Rock Grass
65%
Poison Ground
65%
Fighting Psychic
65%
Ice Rock
65%
Ground Water
65%
Grass Bug
59%
Psychic Dark
59%
Dragon Fairy
59%
Dark Fairy
59%
Ice Fighting
59%
Rock Fighting
59%
Dark Fighting
59%
Grass Flying
59%
Psychic Ghost
59%
Rock Ground
59%
Steel Ground
59%
Ground Ice
59%
Fairy Poison
59%
Poison Psychic
59%
Bug Rock
59%
Rock Steel
59%
Fairy Steel
59%
Steel Fighting
53%
Flying Ice
53%
No matching quizzes found
Score Distribution
Percent of People with Each Score
Percentile by Number Answered
Your Score History
You have not taken this quiz